| 000 | 01696nam0a2200397 i 4500 | ||
|---|---|---|---|
| 001 | RU\NLR\BIBL_A\012206915 | ||
| 005 | 20241104121629.0 | ||
| 010 |
_a9785040987061 _93000 |
||
| 021 |
_aRU _b2019-99169 _9КН-П-7288 |
||
| 035 | _a(RuMoRGB)010211924 | ||
| 035 | _a(NLR Aleph) 012206915 | ||
| 090 |
_a10867001 _c10867001 |
||
| 100 | _a20200205d2020 u y0rusy50 ca | ||
| 101 | 1 |
_arus _ceng |
|
| 102 | _aRU | ||
| 105 | _ab|||z|||001zy | ||
| 181 | 0 |
_ai _baxxe |
|
| 182 | 0 | _an | |
| 200 | 1 |
_aЗаписки из Третьего Рейха _dжизнь накануне войны глазами обычных туристов _fДжулия Бойд _g[перевод с английского: Андреев А.] |
|
| 203 |
_aТекст _bвизуальный _cнепосредственный |
||
| 210 |
_aМосква _cБомбора _cЭксмо _d2020 [т.е. 2019] |
||
| 215 |
_a606, [1] с. _cкарт. _d20 |
||
| 225 | 1 | _aПутешественники во времени | |
| 300 | _aЗагл. и авт. ориг.: Travelers in the Third Reich / Julia Boyd | ||
| 320 | _aБиблиогр. в примеч.: с. 561-594 | ||
| 320 | _aДр. произведения авт. в конце кн. | ||
| 320 | _aАлф. указ.: с. 595-606 | ||
| 333 | _a18+ | ||
| 454 | 0 |
_12001#$aTravelers in the Third Reich$fJulia Boyd _1700#1$aBoyd$bJ.$gJulia _tTravelers in the Third Reich _aBoyd, Julia |
|
| 607 |
_aГермания _xИстория _xОтзывы иностранцев _z1933 - 1945 _92438059 _3RU\NLR\AUTH\6601668604 |
||
| 686 | 1 | _aТ3(4Г)63,013 | |
| 700 | 1 |
_aБойд _bД. _gДжулия |
|
| 942 | _cBOOK | ||
| 980 | _aNBR | ||